| 000 | 00000nam##2200000za#4500 |
| 001 | 9.575099 |
| 003 | CaOODSP |
| 005 | 20210624184512 |
| 007 | cr ||||||||||| |
| 008 | 150406|2007||||xxc|||||o f|0| 0 eng|d |
| 022 | |a1488-5379 |
| 040 | |aCaOODSP|beng |
| 043 | |an-cn--- |
| 086 | 1 |aFs97-6/2733E-PDF |
| 110 | 1 |aCanada. |bDepartment of Fisheries and Oceans. |
| 245 | 10|aAnalytical technique for extracting hydrocarbons from water using sample container as extraction vessel in combination with a roller apparatus / |h[electronic resource]|cby M.G. Cole, T.L. King and K. Lee. |
| 260 | |aDartmouth - Nova Scotia : |bFisheries and Oceans Canada |cc2007. |
| 300 | |a19p.|bfigs., references, tables |
| 490 | 1 |aCanadian technical report of fisheries and aquatic sciences|x1488-5379|vNo. 2733 |
| 500 | |aIncorrect catalogue number (Fs97-6-2804E) and ISSN for the print edition appear in this electronic version. |
| 590 | |a12-38-Supp|b2012-09-27 |
| 830 | #0|aCanadian technical report of fisheries and aquatic sciences,|x1488-5379|vNo. 2733|w(CaOODSP)9.504449 |
| 856 | 40|ahttp://publications.gc.ca|qPDF|s2066 KB|uhttps://publications.gc.ca/collections/collection_2012/mpo-dfo/Fs97-6-2733-eng.pdf|yNo. 2733 |